000 00459nam a2200169Ia 4500
001 18725
003 IN-NITTTR
005 20251114233217.0
008 251113s9999||||xx |||||||||||||| ||eng||
040 _beng
040 _cIN-NITTTR
041 _aeng
082 _a420 N213E
100 _aNational Council of Teachers of English,
245 0 _aEnglish for today :
_b book three the way we live /
_cNational Council of Teachers of English
942 _2ddc
_cBK
999 _c21359
_d21359